Obálka Náhled e-knihy:
PDF Epub
Pro půjčování e-knih musíte být přihlášeni.
Jak si půjčit online?

Prozatím /

Kniha shromažďuje texty z let 1995–2001 a lze ji chápat jako obsáhlou a pestrou syntézu autorovy „prozatímní“ básnické tvorby. Groteskní rozměr intelektuálního naivismu, který nutkavě touží přizpůsobovat metaforiku rýmům, připomene dikci Starých zpěvů, básně psané volným veršem se v motivech navrace...

Celý popis

Uloženo v:
Hlavní autor: Kremlička, Vít (Autor)
Médium: E-kniha
Jazyk:Czech
Vydáno: Praha : E-knihy jedou, 2022
Tagy:
Žádné tagy
LEADER 01421nam a22002297i 4500
001 311618
007 ta
008 260601s2022 xr ||||| |||| 00| 0 cze d
020 |a 9990003573476 
044 |a xr 
100 1 |a  Kremlička, Vít  |4 aut 
245 1 0 |a Prozatím /  |c  Kremlička, Vít 
264 1 |a Praha :  |b E-knihy jedou,  |c 2022 
300 |a 1 online zdroj (106 stran) 
336 |a text  |b txt  |2 rdacontent 
337 |a bez média  |b n  |2 rdamedia 
338 |a online zdroj  |b cr  |2 rdacarrier 
520 2 |a Kniha shromažďuje texty z let 1995–2001 a lze ji chápat jako obsáhlou a pestrou syntézu autorovy „prozatímní“ básnické tvorby. Groteskní rozměr intelektuálního naivismu, který nutkavě touží přizpůsobovat metaforiku rýmům, připomene dikci Starých zpěvů, básně psané volným veršem se v motivech navracejí k přírodně a milostně lyrickým momentům Cizrny. A ovšemže i v této knížce autor nahlíží svět osobitě a s jazykovou bravurou. 
910 |a RBIT002 
998 |d 357347  |a https://core.palmknihy.cz/api/books/357347/cover?rfoysr  |b https://core.palmknihy.cz/api/books/357347/cover/400?rfoysr  |c https://core.palmknihy.cz/api/books/357347/cover/50?rfoysr  |e   |g 106  |i 9990003573476  |j https://core.palmknihy.cz/api/books/357347/preview.epub  |k https://core.palmknihy.cz/api/books/357347/preview.pdf  |l   |q 49  |r 1  |s https://www.palmknihy.cz/kniha/357347  |t ebook  |y 2022  |z 1 
999 |d 311616